Statistics for Help! Tracklist (The Beatles)

Click here to take the quiz!

General Stats

  • This quiz has been taken 9 times
  • The average score is 11 of 14

Answer Stats

HintAnswer% Correct
1Help!
100%
8Act Naturally
88%
5Another Girl
88%
7Ticket To Ride
88%
6You're Going To Lose That Girl
88%
3You've Got To Hide Your Love Away
88%
14Dizzy Miss Lizzy
75%
12I've Just Seen A Face
75%
2The Night Before
75%
13Yesterday
75%
10You Like Me Too Much
75%
4I Need You
63%
11Tell Me What You See
63%
9It's Only Love
38%

Score Distribution

Percentile by Number Answered

Percent of People with Each Score

Your Score History

You have not taken this quiz